Paroles Le Bien Qui Fait Mal - Statistiques

Statistiques générales
  • Ce quiz a été pris 32 fois
  • Le résultat moyen est 163 sur 200
Statistiques - réponses
Réponse % Correct
à
100%
bien
100%
ce
100%
Qui
100%
fait
100%
le
100%
Le
100%
ma
100%
mal,
100%
mal
100%
qui
100%
C'est
95%
c'est
95%
tout
95%
tu
95%
de
90%
Quand
90%
Je
90%
me
90%
quand
90%
Quand
90%
si
90%
Si
90%
vient
90%
aimes,
86%
au
86%
d'où
86%
et
86%
j'ai
86%
La
86%
la
86%
Mais
86%
normal
86%
par
86%
Ta
86%
autant
81%
bon
81%
comme
81%
dans
81%
dérange?
81%
des
81%
étrange
81%
haine
81%
larmes
81%
l'émotion
81%
peau
81%
qu'elle
81%
souffrir
81%
tes
81%
charme,
76%
en
76%
fascine
76%
fléau,
76%
folles,
76%
idées
76%
l'avoir
76%
mes
76%
perdre
76%
prend
76%
raison
76%
banal
71%
couteau
71%
donne
71%
fond
71%
j'adore
71%
j'ignore,
71%
joie
71%
l'impression
71%
mon
71%
plaisir,
71%
soudain,
71%
vers
71%
douleur
67%
envies
67%
poignardé
67%
poison
67%
Succombe
67%
supplice
67%
coeur
62%
Envouté
62%
frissonne,
62%
glisser
62%
les
62%
pulsions
62%
ressens
62%
s'envolent
62%
traverse
62%
violentes
62%
armes,
57%
blessure
57%
Passe
57%
passe
57%
prison,
57%
devient
52%
m'enivre
52%
Baisse
48%
désir
48%
peine,
48%
beau
43%
délices
38%
l'âme
38%
vrais
38%
Aucun quiz correspondant
Distribution des résultats
% des personnes avec chaque résultat
Percentile par nombre de réponses
Votre historique - résultats
Vous n’avez pas pris ce quiz